Thermal, kinetic and morphological studies of available and synthesized pyrotechnic / propellant compositions and their ingredients / (Record no. 527996)

000 -LEADER
fixed length control field 00580nam a22001577a 4500
020 ## - INTERNATIONAL STANDARD BOOK NUMBER
Qualifying information Hard Cover,
082 ## - DEWEY DECIMAL CLASSIFICATION NUMBER
Classification number 620.11
100 ## - MAIN ENTRY--PERSONAL NAME
Personal name Babar, Zaher-ud-Din
245 ## - TITLE STATEMENT
Title Thermal, kinetic and morphological studies of available and synthesized pyrotechnic / propellant compositions and their ingredients /
Statement of responsibility, etc. Zaheer Ud Din Babar
260 ## - PUBLICATION, DISTRIBUTION, ETC.
Place of publication, distribution, etc. Islamabad:
Name of publisher, distributor, etc. SCME - NUST,
Date of publication, distribution, etc. 2015.
300 ## - PHYSICAL DESCRIPTION
Extent xxii, 200 p. : ill. ;
Dimensions 30cm.
942 ## - ADDED ENTRY ELEMENTS (KOHA)
Source of classification or shelving scheme
Koha item type Thesis
650 ## - SUBJECT ADDED ENTRY--TOPICAL TERM
Topical term or geographic name entry element Ph. D. Thesis.
700 ## - ADDED ENTRY--PERSONAL NAME
Personal name Dr. Abdul Qadeer Malik.
650 ## - SUBJECT ADDED ENTRY--TOPICAL TERM
-- 19288
700 ## - ADDED ENTRY--PERSONAL NAME
-- 19504
Holdings
Withdrawn status Lost status Source of classification or shelving scheme Damaged status Not for loan Permanent Location Current Location Shelving location Date acquired Total Checkouts Full call number Barcode Date last seen Price effective from Koha item type
          Central Library (CL) Central Library (CL) Thesis 08/26/2019   620.11 CL-T-3117 08/26/2019 08/26/2019 Thesis
© 2023 Central Library, National University of Sciences and Technology. All Rights Reserved.